India's population problems (Record no. 29211)

MARC details
000 -LEADER
fixed length control field 00297nam a2200121Ia 4500
082 ## - DEWEY DECIMAL CLASSIFICATION NUMBER
Classification number 312(540)
Item number AGA
100 ## - MAIN ENTRY--AUTHOR NAME
Personal name Agarwal, S N
245 #0 - TITLE STATEMENT
Title India's population problems
250 ## - EDITION STATEMENT
Edition statement Ed.2
260 ## - PUBLICATION, DISTRIBUTION, ETC. (IMPRINT)
Place of publication Delhi
Name of publisher Tata Mcgraw Hill
Year of publication 1977
942 ## - ADDED ENTRY ELEMENTS (KOHA)
Koha item type Books
Holdings
Withdrawn status Lost status Damaged status Not for loan Home library Current library Date acquired Cost, normal purchase price Full call number Accession Number Koha item type
        RRII Library RRII Library 16/12/2021 36.00 312(540) AGA 09801 Books